[Event "WJCC U20 Girls 2019"]
[Site "New Delhi"]
[Date "2019.10.21"]
[Round "7.13"]
[White "Nilssen, Ellen Fredericia"]
[Black "Munkhzul, Turmunkh"]
[Result "0-1"]
[WhiteElo "2137"]
[BlackElo "2332"]
[Annotator "NA"]
[PlyCount "58"]
[EventDate "2019.10.15"]
[EventType "swiss"]
[EventCountry "IND"]
[SourceTitle "playchess.com"]
[Source "ChessBase"]
[SourceQuality "1"]
[TimeControl "40/5400+30:1800+30"]

1. c4 {[%emt 0:00:00]} e5 {[%emt 0:00:47]} 2. Nc3 {[%emt 0:00:00]} Nf6 {[%emt 0:01:16]} 3. g3 {[%emt 0:00:01]} d5 {[%emt 0:02:02]} 4. cxd5 {[%emt 0:00:13]} Nxd5 {[%emt 0:00:17]} 5. Bg2 {[%emt 0:00:09]} Nb6 {[%emt 0:01:26]} 6. d3 {[%emt 0:04:44]} Be7 {[%emt 0:03:20]} 7. Nf3 {[%emt 0:00:59]} Nc6 {[%emt 0:01:46]} 8. O-O {[%emt 0:04:00]} O-O {[%emt 0:02:15]} 9. Be3 {[%emt 0:04:34]} Be6 {[%emt 0:05:04]} 10. Nd2 {[%emt 0:08:23]} f5 {[%emt 0:11:41]} 11. Nb3 {[%emt 0:06:37]} Kh8 {[%emt 0:17:32]} 12. Nc5 {[%emt 0:06:02]} Bc8 {[%emt 0:01:01]} 13. f4 $11 {[%emt 0:06:33]} exf4 {[%emt 0:05:28]} 14. gxf4 {[%emt 0:00:23]} Rf6 {[%emt 0:00:18]} 15. b4 {[%emt 0:09:18]} Nxb4 {[%emt 0:16:39]} 16. Nxb7 {[%emt 0:00:44]} Bxb7 {[%emt 0:05:34]} 17. Bxb7 {[%emt 0:00:10]} N6d5 {[%emt 0:01:22]} 18. Nxd5 {[%emt 0:09:33]} Nxd5 {[%emt 0:00:06]} 19. Bf2 {[%emt 0:00:22]} Rb8 {[%emt 0:05:20]} 20. Bxd5 {[%emt 0:07:45]} Qxd5 {[%emt 0:00:06]} 21. d4 {[%emt 0:00:11]} Rg6+ {[%emt 0:00:46]} 22. Bg3 {[%emt 0:00:09]} h5 {[%emt 0:02:57]} 23. e4 {[%emt 0:04:50]} fxe4 {[%emt 0:00:30]} 24. Kh1 {[%emt 0:00:35]} Qf5 {[%emt 0:01:51]} 25. Rb1 {[%emt 0:03:27]} Rd8 {[%emt 0:02:24]} 26. Qc2 {[%emt 0:00:57]} c6 {[%emt 0:02:11]} 27. Rb7 {[%emt 0:04:42]} Bf6 {[%emt 0:00:38]} 28. Re1 {[%emt 0:01:43]} Qh3 {[%emt 0:01:44]} 29. Rf1 {[%emt 0:06:19]} Qxf1# {[%emt 0:00:08]} 0-1

[Event "WJCC U20 Girls 2019"]
[Site "New Delhi"]
[Date "2019.10.21"]
[Round "7.14"]
[White "Song, Yuxin"]
[Black "Harshita Guddanti"]
[Result "1/2-1/2"]
[WhiteElo "2292"]
[BlackElo "2123"]
[Annotator "NA"]
[PlyCount "137"]
[EventDate "2019.10.15"]
[EventType "swiss"]
[EventCountry "IND"]
[SourceTitle "playchess.com"]
[Source "ChessBase"]
[SourceQuality "1"]
[TimeControl "40/5400+30:1800+30"]

1. e4 {[%emt 0:00:00]} c5 {[%emt 0:00:22]} 2. Nf3 {[%emt 0:00:00]} d6 {[%emt 0:00:05]} 3. d4 {[%emt 0:00:00]} cxd4 {[%emt 0:00:15]} 4. Nxd4 {[%emt 0:00:00]} Nf6 {[%emt 0:00:07]} 5. Nc3 {[%emt 0:00:00]} g6 {[%emt 0:00:30]} 6. Be3 {[%emt 0:00:00]} Bg7 {[%emt 0:00:14]} 7. f3 {[%emt 0:00:11]} Nc6 {[%emt 0:03:26]} 8. Qd2 {[%emt 0:00:07]} h5 {[%emt 0:05:41]} 9. O-O-O {[%emt 0:15:13]} Bd7 {[%emt 0:01:08]} 10. Nxc6 {[%emt 0:11:25]} bxc6 {[%emt 0:02:11]} 11. Bc4 {[%emt 0:01:54]} Qa5 {[%emt 0:07:58]} 12. Kb1 {[%emt 0:07:59]} Qb4 {[%emt 0:06:59]} 13. Bb3 {[%emt 0:04:18]} a5 {[%emt 0:01:10]} 14. e5 {[%emt 0:06:28]} dxe5 {[%emt 0:05:40]} 15. Qf2 {[%emt 0:01:06]} Bf5 $11 {[%emt 0:09:19]} 16. Na4 {[%emt 0:11:02]} Nd5 {[%emt 0:14:55]} 17. Bc5 {[%emt 0:10:53]} Qb7 {[%emt 0:02:07]} 18. Ka1 {[%emt 0:06:18]} Bf6 {[%emt 0:05:25]} 19. Qd2 {[%emt 0:05:43]} Kf8 {[%emt 0:06:18]} 20. Bxd5 {[%emt 0:05:45]} cxd5 {[%emt 0:01:06]} 21. Qxd5 {[%emt 0:03:26]} Qxd5 {[%emt 0:02:07]} 22. Rxd5 {[%emt 0:00:02]} Kg7 {[%emt 0:01:36]} 23. c3 {[%emt 0:01:36]} e4 {[%emt 0:02:20]} 24. Nb6 {[%emt 0:01:38]} Rad8 {[%emt 0:02:13]} 25. Rhd1 {[%emt 0:01:53]} e6 {[%emt 0:02:24]} 26. Rxd8 {[%emt 0:00:26]} Rxd8 {[%emt 0:00:08]} 27. Rxd8 {[%emt 0:01:45]} Bxd8 {[%emt 0:00:04]} 28. Bd4+ {[%emt 0:00:12]} f6 {[%emt 0:04:38]} 29. f4 {[%emt 0:01:06]} Bxb6 {[%emt 0:05:30]} 30. Bxb6 {[%emt 0:00:01]} a4 {[%emt 0:00:09]} 31. Be3 {[%emt 0:01:36]} Kf7 {[%emt 0:01:58]} 32. b4 {[%emt 0:00:49]} axb3 {[%emt 0:00:29]} 33. axb3 {[%emt 0:00:01]} Ke7 {[%emt 0:00:47]} 34. c4 {[%emt 0:00:46]} Kd6 {[%emt 0:01:34]} 35. Bd4 {[%emt 0:00:55]} e3 {[%emt 0:02:29]} 36. Bxf6 {[%emt 0:02:38]} e2 {[%emt 0:00:08]} 37. Bc3 {[%emt 0:00:01]} Kc5 {[%emt 0:00:16]} 38. Kb2 {[%emt 0:00:14]} h4 {[%emt 0:01:10]} 39. Be1 {[%emt 0:01:29]} Kd4 {[%emt 0:00:54]} 40. Bf2+ {[%emt 0:00:31]} Kd3 {[%emt 0:00:21]} 41. Kc1 {[%emt 0:30:25]} h3 {[%emt 0:32:16]} 42. gxh3 {[%emt 0:00:00]} Kc3 {[%emt 0:00:00]} 43. c5 {[%emt 0:00:00]} Be4 {[%emt 0:00:00]} 44. Be1+ {[%emt 0:00:00]} Kxb3 {[%emt 0:00:00]} 45. Kd2 {[%emt 0:00:00]} Kc4 {[%emt 0:00:00]} 46. Bf2 {[%emt 0:00:00]} Bf3 {[%emt 0:00:00]} 47. Ke3 {[%emt 0:00:00]} e1=Q+ {[%emt 0:00:00]} 48. Bxe1 {[%emt 0:00:00]} Bc6 {[%emt 0:00:00]} 49. Kf2 {[%emt 0:00:00]} Kxc5 {[%emt 0:00:00]} 50. Kg3 {[%emt 0:00:00]} Kd4 {[%emt 0:00:00]} 51. Kg4 {[%emt 0:00:00]} e5 {[%emt 0:00:00]} 52. Bf2+ {[%emt 0:00:00]} Ke4 {[%emt 0:00:00]} 53. fxe5 {[%emt 0:00:00]} Kxe5 {[%emt 0:00:00]} 54. Kg5 {[%emt 0:00:00]} Be8 {[%emt 0:00:00]} 55. Bg3+ {[%emt 0:00:00]} Ke6 {[%emt 0:00:00]} 56. Bf4 {[%emt 0:00:00]} Bf7 {[%emt 0:00:00]} 57. Bc1 {[%emt 0:00:00]} Be8 {[%emt 0:00:00]} 58. Bb2 {[%emt 0:00:00]} Bf7 {[%emt 0:00:00]} 59. h4 {[%emt 0:00:00]} Be8 {[%emt 0:00:00]} 60. Kh6 {[%emt 0:00:00]} Kf5 {[%emt 0:00:00]} 61. Kg7 {[%emt 0:00:00]} Kg4 {[%emt 0:00:00]} 62. Kf8 {[%emt 0:00:00]} Bb5 {[%emt 0:00:00]} 63. Kf7 {[%emt 0:00:00]} Bd3 {[%emt 0:00:00]} 64. Bf6 {[%emt 0:00:00]} Kh3 {[%emt 0:00:00]} 65. Bg5 {[%emt 0:00:00]} Kxh2 {[%emt 0:00:00]} 66. Kg7 {[%emt 0:00:00]} Kg3 {[%emt 0:00:00]} 67. Kh6 {[%emt 0:00:00]} Bc2 {[%emt 0:00:00]} 68. h5 {[%emt 0:00:00]} gxh5 {[%emt 0:00:00]} 69. Kxh5 {[%emt 0:00:00]} 1/2-1/2

[Event "WJCC U20 Girls 2019"]
[Site "New Delhi"]
[Date "2019.10.21"]
[Round "7.15"]
[White "Gomez Barrera, Javiera Belen"]
[Black "Li, Yunshan"]
[Result "0-1"]
[WhiteElo "2033"]
[BlackElo "2289"]
[Annotator "TA"]
[PlyCount "136"]
[EventDate "2019.10.15"]
[EventType "swiss"]
[EventCountry "IND"]
[SourceTitle "playchess.com"]
[Source "ChessBase"]
[SourceQuality "1"]

{[%evp 11,136,40,40,27,41,37,37,37,53,28,30,25,29,27,47,48,54,9,32,0,5,-6,-14,-54,-16,-24,31,0,4,0,0,0,0,-9,0,0,0,0,0,0,33,44,115,0,0,-13,16,0,0,0,0,0,26,18,126,8,16,0,37,8,7,8,0,0,0,-1,0,0,49,0,17,0,0,0,0,0,0,0,0,0,0,0,0,-4,-4,-4,-3,-2,0,0,0,-3,0,0,0,0,0,0,0,0,0,0,0,0,0,0,0,0,168,-18,-18,-18,-18,-18,-18,-16,-16,-95,-95,-95,-95,-200,-127,-29977,-29975,-29982,-29982]} 1. e4 c5 2. Nf3 e6 3. d4 cxd4 4. Nxd4 Nc6 5. Nc3 Qc7 6. Be3 a6 7. Qf3 {B48: Sicilian: Taimanov: 5 Nc3 Qc7 6 Be3 a6 without Be2} (7. Bd3 Nf6 8. O-O Nxd4 9. Bxd4 Bc5 10. Bxc5 Qxc5 11. Na4 Qc7 12. c4 d6 13. Nc3 O-O 14. Be2 Rd8 15. Qd4 e5 16. Qe3 Be6 17. b3 Qc5 18. Qd3 Rac8 19. Rac1 {½-½ (35) Jakovenko,D (2719)-Harikrishna,P (2723) Shenzhen 2019}) 7... b5 8. Qg3 Qxg3 9. hxg3 {White is slightly better.} Bb7 10. Nxc6 Bxc6 11. Bd3 Nf6 12. f3 Bb4 13. Kf2 $146 ({Predecessor:} 13. Bd4 d6 14. e5 Bxc3+ 15. Bxc3 Nd5 16. Be4 dxe5 17. Bxe5 f6 18. Bd4 Kf7 19. c3 h6 20. Kf2 Rhd8 21. Rhd1 Rac8 {½-½ (21) Grover,S (2469)-Sengupta,D (2536) Dharamshala 2014}) 13... d6 14. Rh4 Nd7 15. Rah1 h6 16. g4 f6 17. Rd1 Ke7 (17... Bxc3 $5 18. bxc3 Ne5 $15) 18. Ne2 Nc5 (18... Ne5 $11) 19. Nd4 Bb7 20. Be2 Na4 21. c3 $36 {[%mdl 2048] Black is under pressure.} Ba5 22. Nb3 Bd8 23. Rd2 Rc8 24. Rh1 d5 25. Rhd1 Kf7 26. f4 Be7 {[#]} ({Black should play} 26... Re8 $14) 27. exd5 (27. f5 $1 $16) 27... Bxd5 $11 28. Bf3 b4 29. Bxd5 {aiming for Bb7.} bxc3 30. Rd4 Nxb2 31. Be4 Nxd1+ 32. Rxd1 Ba3 (32... Rhd8 $11 33. Rxd8 Bxd8) 33. Bc2 (33. Rd7+ $16 Be7 34. f5) 33... Rhd8 34. Ke2 g5 {next ...Rxd1 is good for Black.} 35. fxg5 hxg5 36. Rh1 Rh8 37. Rxh8 Rxh8 38. Bd4 Bb2 39. Nc5 a5 40. Na4 {[%mdl 1024] White has compensation.} Rd8 41. Bxc3 Rc8 42. Kd3 Rd8+ 43. Ke2 Bxc3 44. Nxc3 Rd4 45. Be4 Ke7 46. Ke3 Rb4 47. Kd3 Kd6 48. a3 Rb2 49. Kd4 Rf2 50. Bf3 f5 (50... Rc2 {looks sharper.} 51. Ne4+ Ke7 52. Nc3 f5 53. gxf5 exf5 54. Nd5+ Ke6) 51. Nb5+ Ke7 52. gxf5 exf5 53. Ke5 g4 54. Bd5 f4 55. Nd4 Rf1 56. a4 Ke8 57. Bc6+ Kf7 58. Bd5+ Kg6 59. Be4+ Kh5 $2 {[#]} (59... Kf7 $11) 60. Ne6 $2 ({White has to play} 60. Kf6 $1 $18 {White wants to mate with Bg6+.} g3 61. Kf5) 60... f3 61. gxf3 gxf3 62. Kf4 f2 {And now ...Re1! would win.} 63. Ng7+ Kh4 {White must now prevent ...Re1.} 64. Nf5+ (64. Bg2 $1 $11 {keeps the balance.} Ra1 65. Nf5+ Kh5 66. Ng3+ Kg6 67. Ke3) 64... Kh3 $17 {...Re1 is the strong threat.} 65. Ne3 Ra1 66. Bg2+ (66. Bd3 $17 {was the only defense.}) 66... Kh2 $19 67. Kf3 $2 {[%mdl 8192]} (67. Bc6 $17) 67... Kg1 68. Bf1 Rxf1 {Accuracy: White = 47%, Black = 51%.} 0-1

[Event "WJCC U20 Girls 2019"]
[Site "New Delhi"]
[Date "2019.10.21"]
[Round "7.16"]
[White "Protopopova, Anastasiya"]
[Black "Mungunzul, Bat-Erdene"]
[Result "1-0"]
[WhiteElo "2263"]
[BlackElo "1912"]
[Annotator "NA"]
[PlyCount "69"]
[EventDate "2019.10.15"]
[EventType "swiss"]
[EventCountry "IND"]
[SourceTitle "playchess.com"]
[Source "ChessBase"]
[SourceQuality "1"]
[TimeControl "40/5400+30:1800+30"]

1. d4 d5 2. c4 c6 3. Nf3 Nf6 4. g3 Bf5 5. Nc3 e6 6. Nh4 {D11: Slav Defence: 3 Nf3 sidelines and 3...Nf6 4 e3 Bg4} Be4 (6... Bg4 7. h3 Bh5 8. Qb3 Qb6 9. c5 Qc7 10. Bf4 Qc8 11. g4 Bg6 12. Nxg6 hxg6 {½-½ (45) Inarkiev,E (2682)-Karjakin,S (2750) Nazran 2019}) 7. f3 Bg6 8. Nxg6 hxg6 9. Qb3 Qc8 10. Be3 Nbd7 $146 ({Predecessor:} 10... Bd6 11. Bf2 Nbd7 12. O-O-O O-O {1-0 (53) Kruzhilin,A (2059)-Karpenko,A (2165) Saratov 2014}) 11. Bf2 dxc4 12. Qxc4 Bd6 13. e4 e5 14. f4 Nb6 15. Qe2 exd4 16. Bxd4 Be7 17. O-O-O Qe6 {[#]} 18. h4 $1 Bb4 {[#]} 19. Bh3 $16 Qe7 20. Rhe1 O-O 21. a3 Bxc3 22. Bxc3 Rfd8 23. e5 Rxd1+ 24. Rxd1 Nfd5 25. Be1 Qc5+ 26. Kb1 Re8 27. h5 gxh5 28. Qxh5 Qb5 29. Bf5 Ne3 30. Qh7+ Kf8 31. Bb4+ c5 32. Bd7 Nxd7 33. Rxd7 Qf1+ 34. Be1 Qxe1+ 35. Ka2 1-0

[Event "WJCC U20 Girls 2019"]
[Site "New Delhi"]
[Date "2019.10.21"]
[Round "7.17"]
[White "Toshali, V."]
[Black "Priyanka Nutakki"]
[Result "0-1"]
[WhiteElo "1868"]
[BlackElo "2248"]
[Annotator "NA"]
[PlyCount "130"]
[EventDate "2019.10.15"]
[EventType "swiss"]
[EventCountry "IND"]
[SourceTitle "playchess.com"]
[Source "ChessBase"]
[SourceQuality "1"]
[TimeControl "40/5400+30:1800+30"]

1. d4 Nf6 2. Nf3 g6 3. Nc3 d5 4. Bf4 Bg7 5. e3 ({Predecessor:} 5. Nb5 Na6 6. e3 c6 7. Nc3 Nc7 8. Bd3 Ne6 9. Be5 O-O 10. O-O c5 11. dxc5 Nxc5 {0-1 (59) Sharapan,D-Shakhzadov,S Stavropol 2019}) 5... O-O 6. Be2 c5 7. dxc5 Nbd7 8. O-O Nxc5 9. Be5 {D00: 1 d4 d5: Unusual lines} e6 $146 (9... b6 10. a4 Bb7 11. Bd4 Ne6 12. Be5 Nc5 13. Ra3 Ncd7 14. Bd4 Qb8 15. Na2 e5 16. Bc3 a6 {0-1 (42) Krishna,C (2446)-Bai,J (2591) Qingdao 2019}) 10. Nb5 Ne8 11. Bxg7 Nxg7 12. c4 a6 13. Nc3 dxc4 14. Bxc4 b5 15. b4 Nd7 16. Bd3 Bb7 17. Be4 Bxe4 18. Nxe4 f5 19. Nc5 Nb6 (19... Nxc5 $14 20. bxc5 Ne8) 20. e4 $14 Qe7 21. Re1 a5 22. exf5 Rxf5 23. Nd4 Rd5 24. Qg4 axb4 25. Ncxe6 Qd7 26. h3 Re8 27. Nxg7 Rxe1+ 28. Rxe1 Qxg4 29. hxg4 Rxd4 30. Ne8 Rd2 31. g5 Rxa2 32. Nd6 Nd5 33. Rb1 Ra5 34. f4 Kf8 35. f5 gxf5 36. Nxf5 Kf7 37. Nd4 Kg6 38. Nf3 Ra2 39. Kh2 Kf5 40. Nd4+ Kxg5 41. Nxb5 Rd2 42. Rb3 Kf4 43. Nd6 Rc2 44. Rh3 Ke5 45. Nb5 Rxg2+ 46. Kxg2 Nf4+ 47. Kg3 Nxh3 48. Kxh3 Kd5 49. Kg4 Kc5 50. Nc7 b3 51. Ne6+ Kc4 52. Ng5 b2 53. Nxh7 b1=Q 54. Ng5 Kd5 55. Kf4 Qc1+ 56. Kf5 Qf1+ 57. Kg4 Qf6 58. Nf3 Ke4 59. Ng5+ Ke3 60. Nh3 Qg7+ 61. Ng5 Qg6 62. Kh4 Kf4 63. Nh3+ Kf5 64. Nf2 Qg2 65. Kh5 Qg5# 0-1

[Event "WJCC U20 Girls 2019"]
[Site "New Delhi"]
[Date "2019.10.21"]
[Round "7.18"]
[White "Nomindalai Tumurbaatar"]
[Black "Kiolbasa, Oliwia"]
[Result "1/2-1/2"]
[WhiteElo "2061"]
[BlackElo "2223"]
[Annotator "NA"]
[PlyCount "119"]
[EventDate "2019.10.15"]
[EventType "swiss"]
[EventCountry "IND"]
[SourceTitle "playchess.com"]
[Source "ChessBase"]
[SourceQuality "1"]
[TimeControl "40/5400+30:1800+30"]

1. d4 {[%emt 0:00:00]} Nf6 {[%emt 0:00:00]} 2. Bf4 {[%emt 0:00:00]} d6 {[%emt 0:00:00]} 3. e3 {[%emt 0:00:08]} Nbd7 {[%emt 0:00:03]} 4. Nd2 {[%emt 0:01:34]} e5 {[%emt 0:03:43]} 5. dxe5 {[%emt 0:04:32]} Nxe5 {[%emt 0:01:30]} 6. Bxe5 {[%emt 0:05:22]} dxe5 {[%emt 0:00:10]} 7. Nc4 {[%emt 0:00:44]} Qe7 {[%emt 0:03:54]} 8. Nf3 {[%emt 0:07:12]} e4 {[%emt 0:01:01]} 9. Nd4 {[%emt 0:00:43]} g6 {[%emt 0:03:30]} 10. Be2 {[%emt 0:04:31]} Bg7 {[%emt 0:00:12]} 11. O-O {[%emt 0:00:44]} O-O {[%emt 0:00:11]} 12. a4 {[%emt 0:00:59]} Rd8 {[%emt 0:05:26]} 13. Qc1 {[%emt 0:04:48]} c5 {[%emt 0:06:17]} 14. Nb5 {[%emt 0:04:06]} Nd5 {[%emt 0:00:12]} 15. Rd1 {[%emt 0:01:13]} Be6 {[%emt 0:00:50]} 16. a5 {[%emt 0:03:21]} a6 {[%emt 0:08:36]} 17. Nba3 {[%emt 0:09:32]} Rab8 $15 {[%emt 0:00:20]} 18. c3 {[%emt 0:00:36]} f5 {[%emt 0:07:58]} 19. Qc2 {[%emt 0:02:08]} Bf7 {[%emt 0:00:18]} 20. Bf1 {[%emt 0:02:56]} Qc7 {[%emt 0:08:27]} 21. Rd2 {[%emt 0:03:22]} Ne7 {[%emt 0:03:01]} 22. Rad1 {[%emt 0:16:08]} Nc6 {[%emt 0:01:13]} 23. Qa4 {[%emt 0:09:14]} Rxd2 {[%emt 0:00:31]} 24. Rxd2 {[%emt 0:00:05]} Rd8 {[%emt 0:00:11]} 25. Rxd8+ {[%emt 0:02:07]} Qxd8 {[%emt 0:00:05]} 26. Nb6 {[%emt 0:02:27]} Bf6 {[%emt 0:10:25]} 27. Nac4 {[%emt 0:01:46]} Kg7 {[%emt 0:00:23]} 28. Be2 {[%emt 0:02:51]} Qc7 {[%emt 0:02:32]} 29. Qa3 {[%emt 0:03:50]} Be7 {[%emt 0:00:18]} 30. g3 {[%emt 0:00:23]} h5 {[%emt 0:01:48]} 31. Qa1 {[%emt 0:00:40]} Bd8 {[%emt 0:03:30]} 32. Qd1 {[%emt 0:01:19]} Nxa5 {[%emt 0:06:20]} 33. Nxa5 {[%emt 0:06:17]} Qxb6 {[%emt 0:00:02]} 34. Nc4 {[%emt 0:00:08]} Qc7 {[%emt 0:07:00]} 35. Nd6 {[%emt 0:00:11]} Be7 {[%emt 0:02:38]} 36. Nxf7 {[%emt 0:00:11]} Kxf7 {[%emt 0:00:04]} 37. Qd5+ {[%emt 0:00:07]} Kg7 {[%emt 0:00:19]} 38. Bc4 {[%emt 0:00:04]} Bf6 {[%emt 0:01:07]} 39. Qg8+ {[%emt 0:01:36]} Kh6 {[%emt 0:00:02]} 40. Bf7 {[%emt 0:00:09]} Bg7 {[%emt 0:00:19]} 41. Qe8 {[%emt 0:30:45]} Qd6 {[%emt 0:31:03]} 42. Kg2 {[%emt 0:00:50]} h4 {[%emt 0:11:06]} 43. Qe6 {[%emt 0:00:00]} Qxe6 {[%emt 0:00:00]} 44. Bxe6 {[%emt 0:00:00]} hxg3 {[%emt 0:00:00]} 45. hxg3 {[%emt 0:00:00]} b5 {[%emt 0:00:00]} 46. Bc8 {[%emt 0:00:00]} a5 {[%emt 0:00:00]} 47. Bd7 {[%emt 0:00:00]} b4 {[%emt 0:00:00]} 48. cxb4 {[%emt 0:00:00]} cxb4 {[%emt 0:00:00]} 49. b3 {[%emt 0:00:00]} Bc3 {[%emt 0:00:00]} 50. Bb5 {[%emt 0:00:00]} Kg5 {[%emt 0:00:00]} 51. Be8 {[%emt 0:00:00]} Kf6 {[%emt 0:00:00]} 52. Kf1 {[%emt 0:00:00]} g5 {[%emt 0:00:00]} 53. Ke2 {[%emt 0:00:00]} Ke5 {[%emt 0:00:00]} 54. Bb5 {[%emt 0:00:00]} f4 {[%emt 0:00:00]} 55. gxf4+ {[%emt 0:00:00]} gxf4 {[%emt 0:00:00]} 56. Be8 {[%emt 0:00:00]} Bb2 {[%emt 0:00:00]} 57. Bb5 {[%emt 0:00:00]} fxe3 {[%emt 0:00:00]} 58. fxe3 {[%emt 0:00:00]} Kd5 {[%emt 0:00:00]} 59. Be8 {[%emt 0:00:00]} Ke5 {[%emt 0:00:00]} 60. Bb5 {[%emt 0:00:00]} 1/2-1/2

[Event "WJCC U20 Girls 2019"]
[Site "New Delhi"]
[Date "2019.10.21"]
[Round "7.19"]
[White "Aakanksha Hagawane"]
[Black "Dwilewicz, Katarzyna"]
[Result "1-0"]
[WhiteElo "2181"]
[BlackElo "2106"]
[Annotator "NA"]
[PlyCount "67"]
[EventDate "2019.10.15"]
[EventType "swiss"]
[EventCountry "IND"]
[SourceTitle "playchess.com"]
[Source "ChessBase"]
[SourceQuality "1"]
[TimeControl "40/5400+30:1800+30"]

1. e4 {[%emt 0:00:00]} e5 {[%emt 0:00:00]} 2. Nf3 {[%emt 0:00:00]} Nc6 {[%emt 0:00:00]} 3. Bb5 {[%emt 0:00:00]} a6 {[%emt 0:00:00]} 4. Ba4 {[%emt 0:00:12]} Nf6 {[%emt 0:00:11]} 5. O-O {[%emt 0:00:11]} Be7 {[%emt 0:00:35]} 6. Re1 {[%emt 0:00:25]} b5 {[%emt 0:00:10]} 7. Bb3 {[%emt 0:00:06]} O-O {[%emt 0:00:39]} 8. a4 {[%emt 0:01:29]} Na5 {[%emt 0:01:39]} 9. axb5 {[%emt 0:18:16]} Nxb3 {[%emt 0:01:06]} 10. cxb3 {[%emt 0:00:02]} Bb7 {[%emt 0:00:26]} 11. d3 {[%emt 0:01:29]} axb5 {[%emt 0:01:44]} 12. Rxa8 {[%emt 0:01:46]} Bxa8 {[%emt 0:00:04]} 13. Nxe5 {[%emt 0:05:26]} d5 {[%emt 0:00:06]} 14. Nc3 {[%emt 0:03:40]} dxe4 {[%emt 0:11:10]} 15. d4 {[%emt 0:06:33]} b4 {[%emt 0:08:59]} 16. Ne2 {[%emt 0:01:22]} Nd7 {[%emt 0:01:41]} 17. Nc4 {[%emt 0:01:40]} f5 {[%emt 0:05:05]} 18. Nf4 {[%emt 0:06:19]} Rf6 {[%emt 0:02:32]} 19. Nh5 {[%emt 0:18:52]} Rg6 {[%emt 0:01:36]} 20. Bf4 {[%emt 0:02:06]} Nb6 {[%emt 0:09:47]} 21. Ng3 {[%emt 0:09:36]} Nd5 {[%emt 0:10:06]} 22. Qd2 {[%emt 0:00:57]} Rg4 {[%emt 0:07:58]} 23. Be5 {[%emt 0:00:40]} Qf8 {[%emt 0:04:14]} 24. Ne3 {[%emt 0:03:13]} Nxe3 {[%emt 0:01:30]} 25. fxe3 {[%emt 0:02:19]} c5 {[%emt 0:08:59]} 26. Rf1 {[%emt 0:01:02]} cxd4 {[%emt 0:02:48]} 27. Nxf5 {[%emt 0:03:00]} d3 {[%emt 0:09:05]} 28. Qc1 {[%emt 0:02:06]} h5 {[%emt 0:07:05]} 29. Nh6+ {[%emt 0:05:27]} gxh6 {[%emt 0:00:03]} 30. Qc4+ {[%emt 0:00:06]} Kh7 {[%emt 0:00:33]} 31. Rf7+ {[%emt 0:00:33]} Kg6 {[%emt 0:03:43]} 32. Qe6+ {[%emt 0:00:05]} Kg5 {[%emt 0:00:08]} 33. Bf6+ {[%emt 0:00:10]} Kg6 {[%emt 0:00:17]} 34. Bxe7# {[%emt 0:00:06]} 1-0

[Event "WJCC U20 Girls 2019"]
[Site "New Delhi"]
[Date "2019.10.21"]
[Round "7.20"]
[White "Cervantes Landeiro, Thalia"]
[Black "Ghosh Samriddhaa"]
[Result "1-0"]
[WhiteElo "2176"]
[BlackElo "1867"]
[Annotator "TA"]
[PlyCount "123"]
[EventDate "2019.10.15"]
[EventType "swiss"]
[EventCountry "IND"]
[SourceTitle "playchess.com"]
[Source "ChessBase"]
[SourceQuality "1"]

{[%evp 15,123,56,63,63,62,31,66,52,72,63,87,85,76,56,82,44,52,37,53,44,50,56,45,30,41,27,87,32,120,0,0,-22,-13,-13,-13,-38,-37,-34,-32,-45,-37,-37,-37,-36,-36,-37,-42,-49,-14,-14,0,-35,0,0,0,0,31,20,31,37,130,66,51,45,73,45,153,132,477,475,484,483,476,481,448,454,529,539,756,745,717,725,988,755,737,732,989,958,1068,1064,1026,1001,2335,840,835,835,806,785,914,906,982,920,895,887,886,870,891,888,965,939]} 1. d4 d5 2. c4 dxc4 3. Nf3 Nf6 4. e3 g6 5. Bxc4 Bg7 6. O-O O-O 7. Nc3 Nc6 8. h3 Bf5 9. Re1 {D25: Queen's Gambit Accepted: 4 e3: sidelines and 4...Bg4} Ne4 10. Nd2 $146 ({Predecessor:} 10. Nh4 Nxc3 11. bxc3 Be4 12. Nf3 Na5 13. Bd3 Qd5 14. Ba3 Rfe8 15. Bxe4 Qxe4 16. Rb1 b6 {0-1 (52) Schekachikhin,M (2380)-Usmanov,V (2443) St Petersburg 2017}) 10... Nxd2 11. Bxd2 {White is slightly better.} e5 12. d5 Ne7 {[%cal Bc6e7,Be7c8,Bc8d6][%mdl 32]} 13. e4 Bd7 14. Bg5 {Hoping for d6.} h6 15. Be3 Nc8 16. Bb5 Nd6 17. Bxd7 Qxd7 18. Rc1 f5 19. Bc5 Bf6 20. Qb3 Bh4 (20... Rf7 $11 {keeps the balance.}) 21. Re2 (21. exf5 $1 $16 Qxf5 22. Re2) 21... Rf7 {[#]} ({Black should play} 21... Rae8 $14) 22. Bxd6 (22. exf5 $1 $16 Qxf5 23. Bxd6 cxd6 24. Ne4) 22... cxd6 $11 23. Qb4 {Black should prevent exf5.} Bg5 24. Rcc2 f4 25. f3 Bd8 26. Kf1 Bb6 27. Na4 Be3 28. Nc3 {[%cal Ba4c3,Bc3d1,Bd1f2,Bf2d3][%mdl 32]} Bc5 29. Qb5 Qd8 30. Nd1 a6 31. Qd3 Qh4 32. Nf2 h5 33. a3 a5 (33... Qd8 {seems wilder.} 34. Rc4 Rc8 35. Rec2 Rfc7 36. Qd2 Bb6) 34. Rxc5 dxc5 35. Qc3 Qf6 36. Nd3 Re7 37. Qxc5 b6 {[#]} (37... g5 $14) 38. Qc4 (38. Qc1 $1 $16) 38... Qd6 $14 39. Rc2 {[%mdl 1024] White has compensation.} Kg7 40. Qc3 Kf7 (40... Kh6 $14) 41. Qb3 $36 {[%mdl 2048] And now Rc6 would win. Black is under strong pressure.} Kg7 $2 {[%mdl 8192]} (41... a4 $16 {is more resistant.} 42. Qa2 Kg7) 42. Rc6 $18 {[%mdl 64] Double Attack. White is clearly winning.} Qd8 43. Qc3 Kh7 44. Nxe5 Rg7 45. d6 Raa7 46. Nd3 Rgf7 47. e5 Qd7 48. Qc4 b5 49. Qd5 Qf5 50. Rc5 b4 51. e6 Rf8 52. Qxf5 gxf5 {[%mdl 4096] Endgame KRR-KRN} 53. d7 {Threatens to win with e7.} Rd8 54. e7 (54. Ne5 $142 Raxd7 55. exd7) 54... Raxd7 55. exd8=Q Rxd8 56. Nxf4 bxa3 57. bxa3 {KRN-KR} Rd4 58. Nxh5 Ra4 59. Rc3 f4 60. Nf6+ Kg6 61. Ne4 Kf5 62. Ke2 {Accuracy: White = 54%, Black = 35%.} 1-0